[Event "AUTO-MASTER-1201"]
[Site "http://www.queenalice.com/game.php?id=908863"]
[Date "2011.3.5"]
[Round "2"]
[White "CCapivara"]
[Black "tigus"]
[Result "1-0"]
[WhiteElo "2129"]
[BlackElo "2051"]

1. e4 c5 2. Nf3 Nc6 3. d4 cxd4 4. Nxd4 e6 5. Nc3 Nf6 6. a3 d5 7. exd5 exd5 8.
Bg5 Be7 9. Be2 O-O 10. O-O h6 11. Bh4 Re8 12. Bf3 Qb6 13. Nb3 Be6 14. Bxf6 Bxf6
15. Nxd5 Bxd5 16. Bxd5 Bxb2 17. Rb1 Bf6 18. c4 Qc7 19. Nc5 Rab8 20. Qa4 a6 21.
Nxb7 Rxb7 22. Rxb7 Qf4 23. g3 Qd2 24. Qxc6 Re2 25. Rxf7 1-0

[Event "AUTO-OPEN-2751"]
[Site "http://www.queenalice.com/game.php?id=1087117"]
[Date "2012.7.26"]
[Round "1"]
[White "maurice91"]
[Black "tigus"]
[Result "0-1"]
[WhiteElo "1816"]
[BlackElo "1965"]

1. d4 d5 2. c3 Nf6 3. Na3 Bf5 4. e3 e6 5. Bd3 Bxd3 6. Qxd3 Bxa3 7. bxa3 O-O 8.
c4 dxc4 9. Qxc4 Nc6 10. a4 Qd6 11. Nf3 Rfc8 12. Bd2 e5 13. dxe5 Nxe5 14. Nxe5
Qxe5 15. Bc3 Qf5 16. O-O c5 17. Bxf6 Qxf6 18. Rac1 b6 19. Rfd1 Rd8 20. a5 g6 21.
axb6 Rxd1+ 22. Rxd1 axb6 23. a4 Rd8 24. Rb1 Rd6 25. Re1 Qb2 26. Qe4 Rd2 27. Rf1
Rc2 28. Qe8+ Kg7 29. Qc6 Qb4 30. e4 Rc4 31. e5 Rf4 32. e6 fxe6 33. Qxe6 c4 34.
Qe5+ Rf6 35. Qc7+ Rf7 36. Qc6 Ra7 37. Ra1 b5 38. h3 Rxa4 39. Qd7+ Kh6 40. Rd1 c3
41. Qg4 Qxg4 42. hxg4 Rxg4 43. f3 Rc4 44. Kf2 c2 45. Rc1 b4 46. Ke2 b3 47. Kd3
Rc6 48. Rh1+ Kg7 49. Rc1 Kf6 50. g3 Kf5 51. Kd2 h5 52. Kd3 g5 53. Kd2 g4 54. f4
h4 55. gxh4 Kxf4 56. h5 Kg5 57. Rh1 b2 58. h6 b1=Q 0-1

[Event "AUTO-OPEN-2751"]
[Site "http://www.queenalice.com/game.php?id=1087118"]
[Date "2012.7.26"]
[Round "1"]
[White "tigus"]
[Black "maurice91"]
[Result "1-0"]
[WhiteElo "1958"]
[BlackElo "1739"]

1. d4 d5 2. c4 c6 3. Nf3 Nf6 4. Bf4 e6 5. e3 Nbd7 6. Nc3 b6 7. Be2 Bb7 8. O-O
Be7 9. h3 Ne4 10. Nxe4 dxe4 11. Ne5 Nxe5 12. Bxe5 f6 13. Bg3 O-O 14. Qc2 f5 15.
Rfd1 Bd6 16. Bxd6 Qxd6 17. f3 c5 18. Kf2 exf3 19. Bxf3 Bxf3 20. Kxf3 Qc6+ 21.
Kf2 cxd4 22. Rxd4 Rac8 23. Rc1 Rc7 24. b3 e5 25. Rd5 e4 26. Qd2 Qh6 27. Rd1 Qh4+
28. Kg1 Rcf7 29. Rd7 f4 30. Rxf7 Rxf7 31. Qd8+ Qxd8 32. Rxd8+ Rf8 33. Rxf8+ Kxf8
34. exf4 Kf7 35. Kf2 Kf6 36. Ke3 Kf5 37. g4+ Ke6 38. Kxe4 g6 39. h4 h6 40. b4 a6
41. c5 bxc5 42. bxc5 a5 43. a4 h5 44. gxh5 gxh5 45. f5+ Kf6 46. Kf4 1-0

[Event "AUTO-OPEN-2751"]
[Site "http://www.queenalice.com/game.php?id=1087161"]
[Date "2012.7.26"]
[Round "1"]
[White "tigus"]
[Black "Modaste"]
[Result "0-1"]
[WhiteElo "1994"]
[BlackElo "1927"]

1. d4 d5 2. c4 Nf6 3. Nf3 Bg4 4. e3 e6 5. Be2 Be7 6. Nc3 O-O 7. O-O c6 8. h3 Bh5
9. a3 Nbd7 10. cxd5 exd5 11. Nh2 Bg6 12. Ng4 Ne4 13. Bd3 f5 14. Ne5 Nxe5 15.
dxe5 Qc7 16. f4 Rad8 17. Bd2 Bc5 18. Bxe4 dxe4 19. Qc2 Rd3 20. Kf2 Rfd8 21. Rad1
Qd7 22. Bc1 Bh5 23. Rxd3 exd3 24. Qd2 b5 25. b3 Qe6 26. b4 Bb6 27. Nd1 g5 28.
Kg3 Be2 29. Rf2 gxf4+ 30. exf4 Qg6+ 31. Kh2 Bxd1 32. Rf1 Be2 33. Re1 Kf7 34. Bb2
Ke6 35. Bc3 Rd5 36. Qa2 Bf2 37. Rxe2 Qg3+ 0-1

[Event "AUTO-OPEN-2751"]
[Site "http://www.queenalice.com/game.php?id=1087162"]
[Date "2012.7.26"]
[Round "1"]
[White "Modaste"]
[Black "tigus"]
[Result "1-0"]
[WhiteElo "1946"]
[BlackElo "1975"]

1. Nf3 d5 2. e3 Nf6 3. Be2 Nc6 4. d4 Bf5 5. O-O e6 6. Nbd2 Be7 7. c4 O-O 8. b3
a6 9. Bb2 Ne4 10. Rc1 h6 11. a3 Qd7 12. cxd5 Qxd5 13. Nc4 Na5 14. h3 Rac8 15.
Nfe5 Nxc4 16. Bxc4 Qd8 17. g4 Bh7 18. Kg2 Ng5 19. f3 b5 20. Nc6 Qe8 21. Be2 f6
22. a4 Qf7 23. h4 Bd6 24. hxg5 fxg5 25. axb5 axb5 26. Bxb5 h5 27. gxh5 Qxh5 28.
Rh1 Qf7 29. Qe2 g4 30. Qd1 gxf3+ 31. Kf2 Be4 32. Qg1 Ra8 33. Ba4 Ra6 34. Ne5
Bxe5 35. dxe5 Rd8 36. Bd4 g6 37. Qh2 Qg7 38. Rxc7 1-0

[Event "AUTO-ADV-2666"]
[Site "http://www.queenalice.com/game.php?id=1118078"]
[Date "2012.11.1"]
[Round "1"]
[White "VFA"]
[Black "tigus"]
[Result "0-1"]
[WhiteElo "1880"]
[BlackElo "2019"]

1. d4 d5 2. c4 dxc4 3. e4 Nf6 4. Nc3 e6 5. Bxc4 Be7 6. e5 Nd5 7. Nf3 O-O 8. O-O
c5 9. dxc5 Nxc3 10. bxc3 Bxc5 11. Bg5 Be7 12. Bxe7 Qxe7 13. Qc2 b6 14. Rad1 Bb7
15. Nd4 Nc6 16. Nxc6 Bxc6 17. Rd6 Rac8 18. Rfd1 Qg5 19. g3 Qxe5 20. Bd3 g6 21.
Ba6 Rc7 22. Qd3 Qe4 23. Qxe4 Bxe4 24. c4 Bb7 25. Bxb7 Rxb7 26. Rd7 Rfb8 27. f4
a6 28. a4 Rxd7 29. Rxd7 Rc8 30. Ra7 a5 31. Rb7 Rxc4 32. Rxb6 Rxa4 33. Rb5 Ra2
34. Rb8+ Kg7 35. Ra8 a4 36. Kf1 Kf6 37. g4 h6 38. h4 g5 39. hxg5+ hxg5 40. fxg5+
Kxg5 41. Rf8 Kf6 42. Ra8 a3 43. Ke1 Ke5 44. Ra5+ Kf4 45. Ra4+ Kg5 46. Ra7 f6 47.
Ra6 f5 48. gxf5 exf5 49. Ra5 Kg4 50. Ra4+ Kf3 0-1

[Event "AUTO-ADV-2666"]
[Site "http://www.queenalice.com/game.php?id=1118079"]
[Date "2012.11.1"]
[Round "1"]
[White "tigus"]
[Black "VFA"]
[Result "1-0"]
[WhiteElo "1992"]
[BlackElo "1938"]

1. d4 d5 2. Nf3 e6 3. c4 Nf6 4. Nc3 Nbd7 5. Bg5 dxc4 6. e4 Be7 7. Bxc4 O-O 8.
O-O h6 9. Be3 Nb6 10. Bd3 c6 11. Qc2 Bb4 12. a3 Bxc3 13. bxc3 Kh8 14. Rfe1 Bd7
15. Rad1 Qc7 16. Ne5 Rad8 17. Qd2 Bc8 18. Bxh6 gxh6 19. Qxh6+ Nh7 20. Re3 Qe7
21. Rh3 1-0

[Event "AUTO-ADV-2666"]
[Site "http://www.queenalice.com/game.php?id=1118092"]
[Date "2012.11.1"]
[Round "1"]
[White "luizpessoa"]
[Black "tigus"]
[Result "0-1"]
[WhiteElo "1714"]
[BlackElo "2015"]

1. d4 d5 2. Nc3 Nf6 3. Bf4 a6 4. e3 Bf5 5. h3 c5 6. dxc5 e6 7. Be5 Bxc5 8. Bd3
Bxd3 9. Qxd3 Nc6 10. Bh2 O-O 11. a3 Rc8 12. Nf3 Qb6 13. b4 Be7 14. Na4 Qa7 15.
Nc5 Bxc5 16. bxc5 Qxc5 17. O-O Ne4 18. Nd4 Nxd4 19. exd4 Qxc2 20. Qxc2 Rxc2 21.
Rab1 Nd2 22. Rfc1 Nxb1 23. Rxc2 Nxa3 24. Rc7 b6 25. Rb7 Nc4 26. Rc7 Ra8 27. f4
a5 28. f5 Kf8 29. fxe6 fxe6 30. Be5 Nxe5 31. dxe5 a4 32. Rc2 a3 33. Ra2 b5 34.
Kf1 b4 35. Ke1 b3 36. Ra1 b2 37. Rb1 a2 0-1

[Event "AUTO-ADV-2666"]
[Site "http://www.queenalice.com/game.php?id=1118093"]
[Date "2012.11.1"]
[Round "1"]
[White "tigus"]
[Black "luizpessoa"]
[Result "1-0"]
[WhiteElo "1987"]
[BlackElo "1711"]

1. d4 d5 2. Nf3 Bf5 3. Nc3 Nc6 4. Bf4 Nb4 5. e4 dxe4 6. Nh4 Qd7 7. Be2 e3 8. O-O
exf2+ 9. Rxf2 Nxc2 10. Rc1 Nxd4 11. Nxf5 Nxf5 12. Bxc7 Rc8 13. Bb5 Rxc7 14.
Bxd7+ Rxd7 15. Qa4 e6 16. Rd2 Bc5+ 17. Kh1 Nf6 18. Ne4 O-O 19. Nxf6+ gxf6 20.
Rxd7 Ne3 21. Rxc5 e5 22. Rxb7 Rd8 23. h3 Rd2 24. Qe4 Nxg2 25. Qg4+ Kf8 26. Rc8+
Rd8 27. Rxd8# 1-0

[Event "AUTO-ADV-2666"]
[Site "http://www.queenalice.com/game.php?id=1118102"]
[Date "2012.11.1"]
[Round "1"]
[White "tigus"]
[Black "vult0"]
[Result "1-0"]
[WhiteElo "1975"]
[BlackElo "1870"]

1. f4 d5 2. Nf3 e6 3. b3 Nc6 4. Bb2 f6 5. e3 Bd6 6. Nc3 Nge7 7. Ne2 e5 8. fxe5
fxe5 9. Ng3 h6 10. c4 dxc4 11. Bxc4 Ng6 12. O-O Qe7 13. Qc2 Qf6 14. Nxe5 Nb4 15.
Qe4 1-0

[Event "AUTO-ADV-2666"]
[Site "http://www.queenalice.com/game.php?id=1118103"]
[Date "2012.11.1"]
[Round "1"]
[White "vult0"]
[Black "tigus"]
[Result "0-1"]
[WhiteElo "1825"]
[BlackElo "2006"]

1. e4 c5 2. Nf3 Nc6 3. c3 d6 4. d4 cxd4 5. Nxd4 Nf6 6. Bd3 g6 7. Be3 Bg7 8. O-O
O-O 9. f3 Ne5 10. Bc2 a6 11. Nd2 Bd7 12. Bb3 Nc6 13. Nxc6 bxc6 14. Nc4 Rb8 15.
Bg5 Qc7 16. Bf4 Be6 17. Bg5 Rfe8 18. Bf4 Nd7 19. Qd2 Nc5 20. Qc2 a5 21. Qe2 Nxb3
22. axb3 Rxb3 23. Rxa5 Reb8 24. Ra2 Bxc4 25. Qxc4 Rxb2 26. Raa1 Rc2 27. Rac1
Rbb2 28. Rxc2 Rxc2 29. Rc1 Qb6+ 30. Kh1 Qb2 0-1

[Event "AUTO-ADV-2666"]
[Site "http://www.queenalice.com/game.php?id=1126636"]
[Date "2012.11.29"]
[Round "2"]
[White "jalhallib"]
[Black "tigus"]
[Result "0-1"]
[WhiteElo "1935"]
[BlackElo "1990"]

1. e4 c5 2. Nf3 e6 3. d4 cxd4 4. Nxd4 Nc6 5. Nxc6 bxc6 6. Bd3 Nf6 7. Bg5 Be7 8.
O-O O-O 9. Nd2 Bb7 10. Nc4 d5 11. exd5 cxd5 12. Ne3 Qc7 13. Bxf6 Bxf6 14. Rb1
Rab8 15. Qh5 g6 16. Qf3 Bg7 17. Ng4 e5 18. Nf6+ Bxf6 19. Qxf6 e4 20. Bb5 Qxc2
21. Rbc1 Qd2 22. Rfd1 Qa5 23. a4 a6 24. Bc6 Bxc6 25. Rxc6 Qxa4 26. Rdc1 d4 27.
Rxa6 Qb4 28. Rb1 d3 29. Raa1 d2 30. h3 Rfd8 31. Rd1 Qxb2 32. Qxb2 Rxb2 33. Kf1
f5 34. Ke2 Kf7 35. Ra7+ Kg8 36. Rc7 h5 37. h4 Rd6 38. g3 Kf8 39. Rc3 Kf7 40. Ke3
Kf6 41. Kf4 Rb5 42. Re3 Rc5 43. Re2 Rc3 44. Re3 Rdd3 45. Rxd2 Rxd2 46. Rxc3
Rxf2+ 47. Ke3 Rf3+ 48. Kd2 Rxc3 49. Kxc3 Ke5 50. Kd2 f4 51. gxf4+ Kxf4 52. Ke2
e3 53. Kf1 Kf3 54. Ke1 e2 55. Kd2 Kf2 0-1

[Event "AUTO-ADV-2666"]
[Site "http://www.queenalice.com/game.php?id=1126637"]
[Date "2012.11.29"]
[Round "2"]
[White "tigus"]
[Black "jalhallib"]
[Result "0-1"]
[WhiteElo "2007"]
[BlackElo "1970"]

1. d4 c6 2. c4 d5 3. cxd5 cxd5 4. Nc3 e6 5. Bf4 a6 6. e3 Nf6 7. Nf3 Bb4 8. Be2
Bxc3+ 9. bxc3 O-O 10. O-O h6 11. c4 Nc6 12. cxd5 Nxd5 13. Bg3 b5 14. Ne5 Nxe5
15. Bxe5 f6 16. Bg3 Nc3 17. Qd2 Ne4 18. Qb4 Nxg3 19. fxg3 Bb7 20. Bf3 Bxf3 21.
gxf3 Qd5 22. a3 Rfc8 23. Rac1 Rxc1 24. Rxc1 Qxf3 25. Qd2 Rd8 26. Rc7 e5 27. Qa2+
Kh8 28. dxe5 Qxe3+ 29. Kg2 Qxe5 30. Qf7 Rd2+ 31. Kh3 Qf5+ 32. g4 Qf3+ 33. Kh4
Rxh2# 0-1

[Event "AUTO-ADV-2666"]
[Site "http://www.queenalice.com/game.php?id=1126640"]
[Date "2012.11.29"]
[Round "2"]
[White "tigus"]
[Black "Rubens2009"]
[Result "1-0"]
[WhiteElo "2004"]
[BlackElo "1894"]

1. d4 d5 2. c4 e6 3. Nf3 Nc6 4. Nc3 Bd7 5. Bf4 Nf6 6. e3 Be7 7. Be2 Nh5 8. Bg3
Nxg3 9. fxg3 Na5 10. cxd5 O-O 11. O-O exd5 12. Nxd5 Bd6 13. Qd2 b6 14. e4 c5 15.
Rad1 cxd4 16. Nxd4 Bc5 17. Kh1 Be6 18. Nxe6 fxe6 19. Nf4 Qxd2 20. Rxd2 Be3 21.
Rd7 Rac8 22. Rdd1 e5 23. Nd5 Bc5 24. b4 Bxb4 25. Nxb4 Rfd8 26. Nd5 Rd7 27. Rc1
Rf8 28. Bg4 Rxf1+ 29. Rxf1 Rd8 30. h4 Kh8 31. Rf7 Nc6 32. Rc7 Nd4 33. Rxa7 b5
34. Re7 Nc6 35. Rc7 Nd4 36. Rb7 h6 37. Bd7 Ne2 38. Kh2 Rf8 39. Bxb5 Nd4 40. a4
Rc8 41. Re7 Rc2 42. Kh3 Rc5 43. Rxe5 Nxb5 44. axb5 Rxb5 45. Re8+ Kh7 46. Nf4 Rb2
47. e5 Rb7 48. h5 Rf7 49. Rd8 Re7 50. Rd5 Kg8 51. g4 Kf7 52. e6+ Ke8 53. Ra5 Kd8
54. Kh4 Kc8 55. g5 Kb7 56. gxh6 gxh6 57. g4 Kc6 58. Rf5 Rh7 59. Rf7 Rh8 60. e7
Re8 61. Ng6 Kd6 62. Rf8 Rxe7 63. Nxe7 Kxe7 64. Rh8 1-0

[Event "AUTO-ADV-2666"]
[Site "http://www.queenalice.com/game.php?id=1126641"]
[Date "2012.11.29"]
[Round "2"]
[White "Rubens2009"]
[Black "tigus"]
[Result "1-0"]
[WhiteElo "1886"]
[BlackElo "2029"]

1. e4 c5 2. Nf3 e6 3. d4 Nf6 4. e5 Nd5 5. Bc4 cxd4 6. Nxd4 Nc6 7. Nxc6 bxc6 8.
O-O Be7 9. a3 O-O 10. Qg4 f6 11. Bh6 Rf7 12. Bd3 Kh8 13. Qh5 fxe5 14. Qxf7 Qf8
15. Qxf8+ Bxf8 16. Be3 Be7 17. Nd2 Bf6 18. Rab1 Bb7 19. c4 Ne7 20. f4 exf4 21.
Bxf4 d5 22. c5 e5 23. Bg3 e4 24. Be2 h6 25. Bd6 Re8 26. Bg4 e3 27. Nb3 Nc8 28.
Rfe1 d4 29. Na5 Ba8 30. Bd7 Rd8 31. Bxc6 Bxc6 32. Nxc6 Rd7 33. Rbd1 a6 34. Nxd4
Nxd6 35. Nf5 Bxb2 36. Rxe3 Nxf5 37. Re8+ 1-0

[Event "AUTO-MASTER-1804"]
[Site "http://www.queenalice.com/game.php?id=1142043"]
[Date "2013.1.18"]
[Round "1"]
[White "tigus"]
[Black "rotwein"]
[Result "1-0"]
[WhiteElo "2026"]
[BlackElo "2122"]

1. d4 Nf6 2. c4 e6 3. Nc3 Bb4 4. Nf3 O-O 5. e3 b6 6. Qc2 Bb7 7. Be2 Ne4 8. O-O
f5 9. a3 Bxc3 10. bxc3 Nc6 11. Nd2 Ne7 12. a4 Ng6 13. f3 Nxd2 14. Bxd2 Qh4 15.
a5 e5 16. a6 Bc8 17. Qb3 Kh8 18. Qb4 d6 19. c5 bxc5 20. Qa5 cxd4 21. Qxc7 dxe3
22. Bxe3 d5 23. Qc6 Rb8 24. Qxd5 Rb2 25. Rf2 f4 26. Bxa7 Rd8 27. Qe4 1-0

[Event "AUTO-MASTER-1804"]
[Site "http://www.queenalice.com/game.php?id=1142044"]
[Date "2013.1.18"]
[Round "1"]
[White "rotwein"]
[Black "tigus"]
[Result "1/2-1/2"]
[WhiteElo "2127"]
[BlackElo "2046"]

1. d4 d5 2. Nf3 c5 3. dxc5 Nc6 4. e3 e6 5. c4 Bxc5 6. a3 a5 7. Nc3 Nf6 8. cxd5
exd5 9. Be2 O-O 10. O-O Re8 11. b3 d4 12. exd4 Nxd4 13. Nxd4 Bxd4 14. Bb2 Bxc3
15. Bxc3 Qxd1 16. Bxd1 Nd5 17. Bb2 Be6 18. Rc1 Rac8 19. Bf3 b6 20. Rxc8 Rxc8 21.
Rc1 Rxc1+ 22. Bxc1 Nc3 23. b4 axb4 24. axb4 f5 25. Kf1 Bc4+ 26. Ke1 Ne4 27. Bxe4
fxe4 28. Be3 b5 29. Kd2 Bf1 30. g3 Kf7 31. h4 Ke6 32. Bd4 g6 33. Ke3 Kf5 1/2-1/2

[Event "AUTO-MASTER-1804"]
[Site "http://www.queenalice.com/game.php?id=1142045"]
[Date "2013.1.18"]
[Round "1"]
[White "tigus"]
[Black "seega"]
[Result "0-1"]
[WhiteElo "2050"]
[BlackElo "2263"]

1. d4 Nf6 2. c4 e6 3. Nc3 Bb4 4. Nf3 b6 5. Bd2 Bb7 6. e3 O-O 7. a3 Bxc3 8. Bxc3
Ne4 9. Qc2 f5 10. Be2 d6 11. O-O Nd7 12. a4 Nxc3 13. Qxc3 a5 14. Rfd1 Qe7 15.
Nd2 e5 16. b4 axb4 17. Qxb4 exd4 18. exd4 Qxe2 0-1

[Event "AUTO-MASTER-1804"]
[Site "http://www.queenalice.com/game.php?id=1142046"]
[Date "2013.1.18"]
[Round "1"]
[White "seega"]
[Black "tigus"]
[Result "1-0"]
[WhiteElo "2257"]
[BlackElo "2058"]

1. Nf3 d5 2. d4 Nf6 3. c4 Bf5 4. Nc3 e6 5. cxd5 Nxd5 6. Qb3 b6 7. e4 Nxc3 8.
exf5 Nd5 9. fxe6 fxe6 10. Bd2 Bd6 11. Bc4 c6 12. O-O O-O 13. Ng5 Qf6 14. Qh3 h6
15. Qxe6+ Qxe6 16. Nxe6 Re8 17. Rfe1 Nf6 18. Nc7+ 1-0

[Event "AUTO-MASTER-1804"]
[Site "http://www.queenalice.com/game.php?id=1142047"]
[Date "2013.1.18"]
[Round "1"]
[White "tigus"]
[Black "matamuff"]
[Result "1-0"]
[WhiteElo "2049"]
[BlackElo "1865"]

1. d4 e6 2. c4 b6 3. Nc3 Bb7 4. Bf4 d6 5. Nf3 g6 6. e3 Bg7 7. Be2 Nd7 8. O-O Ne7
9. b4 a6 10. Qb3 h6 11. h3 O-O 12. Rac1 Nf6 13. a4 Rb8 14. Qc2 c5 15. dxc5 e5
16. Bg3 bxc5 17. bxc5 Nh5 18. cxd6 Nxg3 19. fxg3 Qxd6 20. Rfd1 Qc5 21. Nd5 Nxd5
22. cxd5 Qxe3+ 23. Kh1 e4 24. Nh2 Rbc8 25. Ng4 Qxg3 26. Qxe4 Rce8 27. Qf3 Qd6
28. Rb1 Ba8 29. Qf1 h5 30. Nf2 Qg3 31. Bxa6 Be5 32. Qg1 Bf4 33. Bb5 Be3 34. Rf1
Re5 35. Bc6 Bxc6 36. dxc6 Rc8 37. Rb3 Rxc6 38. Qh2 Qxh2+ 39. Kxh2 Bxf2 40. Rxf2
Re4 41. Rb8+ Kg7 42. Ra8 Rf6 43. Ra2 Ree6 44. a5 Ra6 45. Rxa6 Rxa6 46. Kg3 g5
47. Kf3 f5 48. Ra4 Kf6 49. Ke3 Ke5 50. g3 Kd5 51. g4 hxg4 52. hxg4 f4+ 53. Kf3
Ke5 54. Ke2 Kd5 55. Kd3 Kc5 56. Kc3 f3 57. Kd2 Kb5 58. Ra3 f2 59. Ke2 f1=Q+ 60.
Kxf1 Kc5 61. Rf3 Rg6 62. Rf5+ Kc6 63. Ke2 Kb7 64. Ke3 Ka6 65. Ke4 Re6+ 66. Re5
Rg6 67. Kf5 Rg8 68. Kf6 Rc8 69. Kxg5 Rg8+ 70. Kf4 Rf8+ 71. Rf5 Rb8 72. g5 Rb4+
73. Kg3 Rb3+ 74. Kg4 Rb1 75. g6 Rg1+ 76. Kh5 Rh1+ 77. Kg5 Rg1+ 78. Kf6 Rc1 79.
g7 Rc6+ 80. Kf7 Rc7+ 81. Kg8 1-0

[Event "AUTO-MASTER-1804"]
[Site "http://www.queenalice.com/game.php?id=1142048"]
[Date "2013.1.18"]
[Round "1"]
[White "matamuff"]
[Black "tigus"]
[Result "0-1"]
[WhiteElo "1854"]
[BlackElo "2016"]

1. d4 d5 2. e3 Nf6 3. Bd3 c5 4. c3 Nc6 5. Nd2 b6 6. f4 Bb7 7. Ngf3 e6 8. Ne5 Be7
9. O-O O-O 10. g4 c4 11. Bc2 Nd7 12. g5 f6 13. Qh5 f5 14. Rf3 Qe8 15. g6 h6 16.
Nxd7 Qxd7 17. Nf1 Rf6 18. Rg3 Qe8 19. Nd2 Bd6 20. Nf3 Ne7 21. Ne5 Bxe5 22. fxe5
Rxg6 23. Kf2 Rxg3 24. hxg3 Qxh5 25. Bd2 Qh2+ 0-1